| 000 | 00000cam 2200000za 4500 |
| 001 | 9.837702 |
| 003 | CaOODSP |
| 005 | 20251212104733 |
| 007 | cr ||||||||||| |
| 008 | 170605s2016 onc ol f000 0 fre d |
| 040 | |aCaOODSP|bfre |
| 041 | |aeng|afre |
| 043 | |an-cn--- |
| 086 | |aYB421-3/1-PDF |
| 110 | 1 |aCanada. |bParlement. |bSénat. |
| 245 | 13|aAn Act to amend the Indian Act (elimination of sex-based inequities in registration) |h[ressource électronique] = |bLoi modifiant la Loi sur les Indiens (élimination des iniquités fondées sur le sexe en matière d’inscription). |
| 246 | 31|aLoi modifiant la Loi sur les Indiens (élimination des iniquités fondées sur le sexe en matière d’inscription) |
| 260 | |a[Ottawa] : |bSenate of Canada = Sénat du Canada, |c2016. |
| 300 | |aii, 6, 1 p. |
| 490 | 1 |aProjet de loi S-... ; |vProjet de loi S-3, 1re session, 42e législature |
| 500 | |aTitre de la couv. |
| 500 | |a« Première lecture le 25 octobre 2016. » |
| 520 | |a« Le texte modifie la Loi sur les Indiens en accordant de nouveaux droits à l’inscription au registre des Indiens pour donner suite à la décision rendue par la Cour supérieure du Québec, le 3 août 2015, dans l’affaire Descheneaux c. Canada (Procureur général) et en accordant aux personnes visées le droit à ce que leur nom soit consigné dans la liste de bande tenue au ministère des Affaires indiennes et du Nord canadien » -- Sommaire, p. ii. |
| 546 | |aTexte en anglais et en français. |
| 610 | 16|aCanada. |tLoi sur les Indiens. |
| 692 | 07|2gccst|aIndien inscrit |
| 692 | 07|2gccst|aEnregistrement |
| 692 | 07|2gccst|aDiscrimination sexuelle |
| 692 | 07|2gccst|aLégislation |
| 791 | |tAn Act to amend the Indian Act (elimination of sex-based inequities in registration) |eeng|w(CaOODSP)9.837699 |
| 830 | #0|aProjet de loi S-...|vProjet de loi S-3, 1re session, 42e législature|w(CaOODSP)9.500666 |
| 856 | 40|qPDF|s228 Ko|uhttps://publications.gc.ca/collections/collection_2017/sen/YB421-3-1.pdf |